1029 1360 1853 1932 1451 1531 1421 1006 1379 1096 1359 1090 1416 1786 1306 1320 1704 1886 1709 1865 1497 1832 1600 1651 1899 1540 1510 1419 1604 1108 1515 1246 1109 1776 1950 1978 1035 1364 1647 1616 1763 1802 1785 1198 1425 1300 1737 1159 1679 1663 1575 1075 1450 1246 1455 1641 1017 1490 1663 1191 1997 1028 1037 1578 1122 1345 1882 1307 1860 1427 1415 1531 1511 1234 1710 1262 1917 1438 1478 1671 1257 1297 1437 1470 1158 1610 1966 1004 1162 1650 1664 1578 1202 1535 1031 1281 1223 1427 1184 BCNSPRNW ULIB Ver.6.0+V

เปลี่ยนเป็นภาษาไทย

Change to English
 แสดงรายละเอียดบรรณานุกรม
  กลับหน้าหลัก

Brief Record : Get Marc (ISO 2709) : E-mail record : QR code < ปิดหน้าต่าง
LEADER : 00000nam 2200000uu 4500
001    13399112418
003     ULIB
008    110627s2553||||th 000 0 tha d
020    9786167030630(ล.2)
090    นว.^bห686ส ล.2 2553
100 0  เหมันต์
245 00 สงครามชีวิต โอชิน เล่ม 2/^cเหมันต์
250    พิมพ์ครั้งที่ 1
260    กรุงเทพฯ :^bอนิเมทกรุ๊ป,^c2553
300    232 หน้า
710 1  อนิเมทกรุ๊ป
945    ^p150^l0^i028031
995    ทศพร
999 ^a ใช้งานได้ทุกระบบ
รายการนี้ยังไม่มีแท็ก
คุณยังไม่ได้ล็อกอิน คุณสามารถมีกิจกรรมร่วมกับเว็บไซต์ได้ แต่ต้องล็อกอินก่อน ::
  ล็อกอิน

รายการสื่อสารสนเทศ

ลำดับที่ ประเภท เลขเรียก/บาร์โค้ด สถานที่ สถานะ
- ไม่พบข้อมูล -

รายการใกล้เคียง
    ผู้แต่ง [เหมันต์]

BibComment


ยังไม่เคยถูกคอมเมนท์

คอมเมนท์ทรัพยากรรายการนี้
  คอมเมนท์: สงครามชีวิต โอชิน..


 Copyright 2026. Bcnsprnw @Library